000 00510cam a2200205 4500
001 D6481
008 090401t1985 xxu||||| |||| 00| 0 eng d
035 _a(Sirsi) u1098
041 _aeng
050 _a338.4769
100 _aLangford, D.
245 _aLabour-only sub-contracting
260 _aAscot, Berks
_bChartered Institute of Building
_c1985
300 _a8p. 30cm
350 _a0
490 _aTechnical Information Service
_v57
520 _aCaption title
942 _n0
948 _c04/03/1997
999 _c85629
_d85629